000 00357nam a22001217a 4500
005 20250821091156.0
008 250821b |||||||| |||| 00| 0 eng d
082 _a005
_bCOL-D
100 _aColace, De Santo, Moscato, Picariello, Schreiber, and Tanca (Eds.)
245 _aData Management in Pervasive Systems
650 _aComputer Science & IT
999 _c37048
_d37048